Interactions between fish and birds: implications for management

Gorde:
Xehetasun bibliografikoak
Egile nagusia: Cowx, I. G (Egilea)
Formatua: Liburua
Hizkuntza:ingelesa
Argitaratua: Oxford Blackwell Science 2003
Gaiak:
Etiketak: Etiketa erantsi
Etiketarik gabe, Izan zaitez lehena erregistro honi etiketa jartzen!

MARC

LEADER 00000nam a2200000 a 4500
001 UCL4563
003 CL-VaPUC
008 040116e20030000UK |||||||||||||||||eng|d
020 |a 0632063858 
082 0 4 |a 577.16  |b COW  |2 21 
100 0 |a Cowx, I. G  |e author  |9 482144 
245 1 0 |a Interactions between fish and birds: implications for management 
300 |a 376 p 
942 |c BK 
945 |d 20040116 00:00:00  |a cmena 
260 |a Oxford  |b Blackwell Science  |c 2003 
650 7 |a CADENAS ALIMENTICIAS  |2 CL-VaPUC  |9 261812 
650 0 |a Ecología   |9 258124 
650 7 |a PECES  |2 CL-VaPUC  |9 482145 
650 0 |a Aves  |9 262192 
583 |a last modification  |c 20180416 05:07:59  |k Rodrigo Vera 
999 |c 307385  |d 307383 
952 |0 0  |1 0  |4 0  |6 577_160000000000000_COW_2003  |7 0  |8 CCM  |9 373316  |a BIBCUR  |b BIBCUR  |d 2019-11-21  |i 3981665  |o 577.16 COW 2003  |p 3981665  |r 2025-04-22  |w 2019-11-21  |y BK  |k CIM